Illustrated dictionary of chemical engineering (Record no. 194816)

MARC details
000 -LEADER
fixed length control field 00473nam a22001697a 4500
005 - DATE AND TIME OF LATEST TRANSACTION
control field 20230120154102.0
010 ## - LCCN (DPL NO)
LC control number ENG-136030
020 ## - INTERNATIONAL STANDARD BOOK NUMBER
Terms of availability 300.00
035 ## - SYSTEM CONTROL NUMBER
System control number EN-119562
037 ## - SOURCE OF ACQUISITION
Source of stock number/acquisition DBAD/PUB
082 ## - DEWEY DECIMAL CLASSIFICATION NUMBER
Classification number 660
245 ## - TITLE STATEMENT
Title Illustrated dictionary of chemical engineering
260 ## - PUBLICATION, DISTRIBUTION, ETC. (IMPRINT)
Place of publication, distribution, etc Lajpat nagar
Name of publisher, distributor, etc Akshar mala
Date of publication, distribution, etc 2011
270 ## - ADDRESS
Address A-47, Amar colony, lajpat nagar
City New delhi
Postal code 110024
300 ## - PHYSICAL DESCRIPTION
Extent 216p.
Dimensions 22cm(hbk)
942 ## - ADDED ENTRY ELEMENTS (KOHA)
Source of classification or shelving scheme Dewey Decimal Classification
Item type English Books
Classification part 660
Call number suffix ILL
Holdings
Withdrawn status Lost status Not for loan Collection code Home library Current library Date acquired Source of acquisition Cost, normal purchase price Full call number Barcode Copy number Cost, replacement price Koha item type
      Non-fiction Peshwa Road Peshwa Road 20/01/2023 DBAD/PUB 300.00 660 ILL EN-119562 1 300.00 English Books

© Delhi Public Library
Hit Counter
free hit counter